Optimálna kapitálová štruktúra a efektívnosť fungovania podnikateľských subjektov
Finančná a kapitálová štruktúra podniku.Modelové prístupy k optimálnej kapitálovej štruktúre.
Saved in:
| Main Author: | |
|---|---|
| Other Authors: | |
| Format: | Book Chapter |
| Language: | Slovak |
| Subjects: | |
| Tags: |
No Tags, Be the first to tag this record!
|
MARC
| LEADER | 00000naa$a2200000$$$4500 | ||
|---|---|---|---|
| 001 | 0240582 | ||
| 005 | 20240502073919.8 | ||
| 041 | 0 | |a slo | |
| 044 | |a SK | ||
| 245 | 1 | 0 | |a Optimálna kapitálová štruktúra a efektívnosť fungovania podnikateľských subjektov |c Rudolf Sivák, Silvia Bastyr |
| 520 | |a Finančná a kapitálová štruktúra podniku.Modelové prístupy k optimálnej kapitálovej štruktúre. | ||
| 610 | 2 | 0 | |a manažment finančný |
| 610 | 2 | 0 | |a riadenie finančné |
| 610 | 2 | 0 | |a štruktúra kapitálová |
| 610 | 2 | 0 | |a optimalizácia rozhodovania |
| 610 | 2 | 0 | |a korporácie |
| 610 | 2 | 0 | |a efektívnosť |
| 610 | 2 | 0 | |a efektívnosť podnikania |
| 100 | 1 | |a Sivák, Rudolf, 1955- | |
| 700 | 1 | |a Bastyr, Silvia, 1978- | |